00648nam a2200145Ia 4500008004100000050002300041100002000064245016000084260008600244300002800330521001200358942000700370999001900377952010600396140724s9999 xx 000 0 und d aRT 41b.Ac173 2010 aAcena, Hanna A. 4aThe relationship between Adequacy of sleep and performance in two core subjects among BSN level II students of Southville and Colleges / cHannah A. Acena. aLas Piñas, Philippines :bSouthville International School and Colleges,cc2010. a48 p. :bill. ;c28 cm. aNursing cTH c228688d228688 001040aCLbCLcTHESESd2014-07-24l0oRT 41 .Ac173 2010pT0042r2018-05-15 00:00:00w2014-07-24yTH